000
00313nam a2200133Ia 4500
008
240624s9999 xx 000 0 und d
041
_a
eng
082
_a
823 IYE
100
_a
IYER PICO
245
_a
MAN WITHIN MY HEAD
260
_c
2012
_a
London
_b
Penguin Books
300
_a
241p. : cm. ; 23
365
_c
RS
_b
25
999
_c
19950
_d
19950